00361 a2200097 4500001001000000005001700010008004100027245010400068100002300172773006800195ART_4226320260410161807.0260409a 10aLa reorganización de empresas en crisis, el impuesto a las ganancias y la legislación concursal1 aMozzi, Germán D.0 tDoctrina Societaria y Concursalg- Nº 285 (ago. 2011)wREV4298